SIA Puzzle Hunt: Candy Crush Quiz Stats

 Plays Quiz Updated Sep 15, 2015

Score 0/15 Timer 10:00
7 Plays Today
Hint Answer % Correct
???
96.5%
???
94.9%
???
94.4%
???
89.7%
???
84.2%
???
83.2%
???
81.6%
???
80.7%
Hint Answer % Correct
???
80.1%
???
76.5%
???
75.4%
???
63.7%
???
56%
???
49.1%
???
33.8%

You're not logged in!

Compare scores with friends on all Sporcle quizzes.
Join for Free
OR
Log In

You Might Also Like...

Show Comments

Extras

Top Quizzes Today


Score Distribution

Your Account Isn't Verified!

In order to create a playlist on Sporcle, you need to verify the email address you used during registration. Go to your Sporcle Settings to finish the process.

Report this User

Report this user for behavior that violates our Community Guidelines.

Details: